ბათუმის შოთა რუსთაველის სახელმწიფო უნივერსიტეტის ბიბლიოთეკა

თეორიული ენათმეცნიერების კურსი = A Course in Theoretical Linguistics (ბიბ.ჩანაწერი № 52454)

000 -LEADER
fixed length control field 01579nam a2200277Ia 4500
001 - CONTROL NUMBER
control field 19477
003 - CONTROL NUMBER IDENTIFIER
control field GE_BSU
008 - FIXED-LENGTH DATA ELEMENTS--GENERAL INFORMATION
fixed length control field 181216s||||||||xx |||||||||||||| ||und||
020 ## - INTERNATIONAL STANDARD BOOK NUMBER
International Standard Book Number SBN 99940-20-92-7
040 ## - CATALOGING SOURCE
Transcribing agency GE_BSU
080 ## - UNIVERSAL DECIMAL CLASSIFICATION NUMBER
Universal Decimal Classification number 81'1(075.8)
100 ## - MAIN ENTRY--PERSONAL NAME
Personal name თამაზ გამყრელიძე, ზაზა კიკნაძე, ინგა შადური, ნანა შენგელაია ;
245 ## - TITLE STATEMENT
Title თეორიული ენათმეცნიერების კურსი = A Course in Theoretical Linguistics
245 ## - TITLE STATEMENT
Statement of responsibility, etc. რედ.: გურამ ლებანიძე, ირინე მელიქიშვილი
250 ## - EDITION STATEMENT
Edition statement თსუ.
260 ## - PUBLICATION, DISTRIBUTION, ETC.
Place of publication, distribution, etc. თბილისი
260 ## - PUBLICATION, DISTRIBUTION, ETC.
Name of publisher, distributor, etc. თბილ. უნ-ტის გამ-ბა,
260 ## - PUBLICATION, DISTRIBUTION, ETC.
Date of publication, distribution, etc. 2003
300 ## - PHYSICAL DESCRIPTION
Extent 796გვ;26სმ
300 ## - PHYSICAL DESCRIPTION
Other physical details საძიებლები: გვ. 753. - ბიბლიოგრ.: გვ. 637-752.
520 ## - SUMMARY, ETC.
Summary, etc. წიგნი ეძღვნება აკადემიკოს გიორგი ახვლედიანს-ზოგად ენათმეცნიერებაში პირველი ქართული სახელმძღვანელოს შემქმნელს.
653 ## - INDEX TERM--UNCONTROLLED
Uncontrolled term ენათმეცნიერება
653 ## - INDEX TERM--UNCONTROLLED
Uncontrolled term ენათმეცნიერება - სახელმძღვანელოები უმაღლესი სასწავლებლებისათვის
942 ## - ADDED ENTRY ELEMENTS (KOHA)
Koha item type წიგნი
ეგზემპლარები
Withdrawn status Lost status Damaged status Not for loan Date acquired Barcode Date last seen Price effective from Koha item type
        2018-12-17 48490 2018-12-17 2018-12-17 წიგნი
        2018-12-17 48491 2018-12-17 2018-12-17 წიგნი